Normal view MARC view

Entry Uniform Title

Number of records used in: 2

001 - CONTROL NUMBER

  • control field: 44441

003 - CONTROL NUMBER IDENTIFIER

  • control field: dpl

005 - DATE AND TIME OF LATEST TRANSACTION

  • control field: 20120328123434.0

008 - FIXED-LENGTH DATA ELEMENTS

  • fixed length control field: 120328|||a|||||| | ||| d

040 ## - CATALOGING SOURCE

  • Original cataloging agency: dpl
  • Transcribing agency: dpl

130 ## - HEADING--UNIFORM TITLE

  • Uniform title: लोकोदय ग्रन्थमालाःग्रन्थांक 1020

670 ## - SOURCE DATA FOUND

  • Source citation: Work cat.: (dpl): 24598 मिथिलेश्वर, पानी बीच मीन पियासी /, 2011

670 ## - SOURCE DATA FOUND

  • Source citation: Work cat.: (dpl): 24598 मिथिलेश्वर, पानी बीच मीन पियासी /, 2011

© Delhi Public Library
Hit Counter
free hit counter